00403 2200157 4500001002100000005001500021035002000036245005800056100002100114300002600135260002800161082000800189084001400197020002200211990001200233INLIS00000000000312820251022014807 a0010-10250000321 aTuhan, Jadikan Aku Malaikat Kecil /cEidelweis Almira0 aEidelweis Almira a152 hlm ;c13 x 19 cm aJakarta :bZettu,c2013 a813 a813 EID t a978-602-7735-52-1 a0755915